00998cam a2200253 a 45000010005000000030008000050050017000130080041000300200015000710200022000860350029001080400035001370410008001720820019001802450104001992600061003033000024003645000195003885040050005836500024006336500035006577000027006927000025007194057BD-RjUL20211208233827.0131221r20011994enk b 001 0 eng d a0198288158 a0198292155 (pbk.) a(BD-RjUL)4091a(BD-RjUL) aBD-RjULbengcBD-RjULdBD-RjUL aeng 2338.90952bJAP04aThe Japanese firm :bthe sources of competitive strength /cedited by Masahiko Aoki and Ronald Dore aOxford :bOxford University Press,cc1994[reprinted2001] axi, 410 p. ;c24 cm a"The inspiration for this volume was a ... conference at the Stockholm Institute of Economics in September 1991 ... ten of the fourteen papers of this volume were first given there." - pref. aIncludes bibliographical references and index 0aCorporationszJapan 0aIndustrial organizationzJapan1 aAoki, Masahiko,d1938-1 aDore, Ronald,d1925-